000 00538cam a2200205ua 4500
001 9165
008 150223n ii |||gr||||Z||||||eng
020 _a9788179774847
040 _cMAIN
041 _aeng
082 _a809
100 _aAgarwalla, S.S.,
_eAuthor.
245 1 _aModern literary criticism and contemporary literary theory
_cBy S. S. Agarwalla
250 _a1st.
260 _aBareilly:
_bPrakash,
_c2013.
300 _a196p.
653 _aHistory, description & criticism
653 _aLiterary criticism
942 _cBK
999 _c8235
_d8235